00588nam a2200181 a 450000100100000000500170001000800410002704000250006808200150009310000270010824500210013526000360015630000210019250400540021304900090026795201130027699900170038900002598520200930024215.0110225s1988 dr 000 0 spa d aDO-SdBNPbspacBNPHU axxxbH471n1 aHeinsen, Franz,93846310aNuestros hijos/. aSanto Domingo :bTaller,c1988. a196 p. ;c19 cm. aIncluye referencias bibliográficas (p. 195-196) aBNPD 0010718PDaPDbPDcCTd2011-02-25iLF1l0oxxx H471np25985-10r2020-06-25w2020-06-25yLFPDZNo se presta c25477d25477